| 000 -LEADER |
| fixed length control field |
00648nam a2200229Ia 4500 |
| 001 - CONTROL NUMBER |
| control field |
932 |
| 003 - CONTROL NUMBER IDENTIFIER |
| control field |
GE_BSU |
| 008 - FIXED-LENGTH DATA ELEMENTS--GENERAL INFORMATION |
| fixed length control field |
181216s||||||||xx |||||||||||||| ||und|| |
| 020 ## - INTERNATIONAL STANDARD BOOK NUMBER |
| International Standard Book Number |
5060010570 |
| 040 ## - CATALOGING SOURCE |
| Transcribing agency |
GE_BSU |
| 080 ## - UNIVERSAL DECIMAL CLASSIFICATION NUMBER |
| Universal Decimal Classification number |
81(075.8) |
| 100 ## - MAIN ENTRY--PERSONAL NAME |
| Personal name |
Комиссаров,В.Н. |
| 245 ## - TITLE STATEMENT |
| Title |
Теория перевода. |
| 245 ## - TITLE STATEMENT |
| Remainder of title |
Лингвистические аспекты. Для студ. ин-тов и фак-ов иностр. языков |
| 260 ## - PUBLICATION, DISTRIBUTION, ETC. |
| Place of publication, distribution, etc. |
Москва |
| 260 ## - PUBLICATION, DISTRIBUTION, ETC. |
| Name of publisher, distributor, etc. |
Высшая школа |
| 260 ## - PUBLICATION, DISTRIBUTION, ETC. |
| Date of publication, distribution, etc. |
1990 |
| 300 ## - PHYSICAL DESCRIPTION |
| Extent |
253стр. |
| 653 ## - INDEX TERM--UNCONTROLLED |
| Uncontrolled term |
Теория перевода. |
| 942 ## - ADDED ENTRY ELEMENTS (KOHA) |
| Koha item type |
წიგნი |